वैर (Record no. 403684)

MARC details
000 -LEADER
fixed length control field 00391nam a2200145Ia 4500
008 - FIXED-LENGTH DATA ELEMENTS--GENERAL INFORMATION
fixed length control field 100122s9999 xx 000 0 und d
082 ## - DEWEY DECIMAL CLASSIFICATION NUMBER
Item number 12566
Classification number 823
100 ## - MAIN ENTRY--PERSONAL NAME
Personal name साठे अण्णाभाऊ
245 ## - TITLE STATEMENT
Title वैर
260 ## - PUBLICATION, DISTRIBUTION, ETC. (IMPRINT)
Name of publisher, distributor, etc नवमहाराष्ट्र प्रकाशन
Date of publication, distribution, etc 1964
300 ## - PHYSICAL DESCRIPTION
Extent 112
630 ## - SUBJECT ADDED ENTRY--UNIFORM TITLE
Uniform title वैर
730 ## - ADDED ENTRY--UNIFORM TITLE
Uniform title वैर
942 ## - ADDED ENTRY ELEMENTS (KOHA)
Koha item type Book

No items available.